Autorzy wymienionych książek #3 - polska fantastyka - Statystyki

Ogólne statystyki
  • Ten quiz został rozwiązany 141 razy
  • Średni wynik to 5 z 15
Statystyki odpowiedzi
Tytuł Autor % Poprawnych
Sezon Burz, Lux Perpetua Andrzej Sapkowski
87%
Cyberiada, Kongres futurologiczny Stanisław Lem
56%
Popiół i kurz, Pan Lodowego Ogrodu Jarosław Grzędowicz
50%
Czarne oceany, Lód Jacek Dukaj
44%
Kuzynki, Czarownik Iwanow Andrzej Pilipiuk
42%
Ani słowa prawdy, Charakternik Jacek Piekara
38%
Ciemność płonie, Kłamca Jakub Ćwiek
28%
Zakon krańca świata, Siewca Wiatru Maja Lidia Kossakowska
27%
Zapach szkła, Achaja Andrzej Ziemiański
25%
Czarna bandera, Samozwaniec Jacek Komuda
17%
Paradyzja, Limes inferior Janusz Andrzej Zajdel
16%
Adept, Chorągiew Michała Archanioła Adam Przechrzta
11%
Niebo ze stali, Pólnoc - południe Robert M. Wegner
10%
Fiolet, Nocarz Magdalena Kozak
8%
Król Bezmiarów, Północna granica Feliks W. Kres
6%
Nie znaleziono quizów pasujących do podanych kryteriów
Rozkład punktacji
Procent ludzi z każdym wynikiem
Percentyl według liczby udzielonych odpowiedzi
Twoja historia wyników
Nie rozwiązałeś tego quizu